| 000 | 01116nam a2200325 a 4500 | ||
|---|---|---|---|
| 001 | 000006124 | ||
| 003 | DO-SdBPM | ||
| 005 | 20251217085408.0 | ||
| 007 | ta | ||
| 008 | 090826s2006 dr 000 0 spa d | ||
| 040 |
_aDO-SdBPM _bspa _cBPMSU _erda _drda |
||
| 049 | _a | ||
| 082 | 4 |
_a306.89 _bP438d 2005 _222 |
|
| 100 | 1 |
_aPérez de Santana, María Victoria _4aut. _eautor |
|
| 245 | 1 | 0 |
_aDespués del divorcio : _b¿qué hacer con los hijos? / _cMaría Victoria Pérez de Santana, María Estela Antoine Peña. |
| 264 |
_aSanto Domingo : _bAmigo del Hogar, _c2006. |
||
| 300 |
_a75 páginas ; _c22 cm. |
||
| 336 |
_atexto _btxt _2rdacontent |
||
| 337 |
_asin mediación _bn _2rdamedia |
||
| 338 |
_avolumen _bnc _2rdacarrier |
||
| 500 | _aIncluye datos biográficos de las autoras en las solapas. | ||
| 504 | _aIncluye bibliografías (páginas 75) | ||
| 590 | _aInventariado, 2025/VM | ||
| 650 | 7 |
_aDivorcio _x |
|
| 650 | 7 |
_aFamilia _xAspectos psicológicos. |
|
| 650 | 7 | _aPsicología infantil. | |
| 700 | 1 | _aAntoine Peña, María Estela | |
| 910 | _aVMateo V. Control de calidad. BPMSU | ||
| 942 |
_2ddc _cBK |
||
| 999 |
_c15583 _d15583 |
||